000 00535nam a2200217Ia 4500
003 OSt
005 20221007082547.0
006 a|||||r|||| 00| 0
007 ta
008 221006b |||||||| |||| 00| 0 eng d
024 _a12,491
037 _cReference Collections
040 _aFLL
_cFLL
_beng
041 _2eng
_aeng
082 _aV:Z2tN95, N5
245 0 _aProgress of Indian states
260 _c1995
300 _a74p
_ccm.
942 _hV:Z2tN95, N5
_cREF
_2CC
999 _c1166861
_d1166861